Dans quelle musique Naps a dit...? - Statistiques

Statistiques générales
  • Ce quiz a été pris 316 fois
  • Le résultat moyen est 4 sur 15
Statistiques - réponses
Hint Réponse % Correct
J'prends Uber Eats, j'suis calé au George V À la Ribéry, j'mange des entrecôtes à mille cinq La kiffance
92%
Ce soir on sort, j'ai pris la frappe, toujours la qualitéJ'ai pas d'garde du corps, c'est mon poto J'suis quand même en sécurité 6.3
53%
Au quartier, ça a tiré, ouais j'l'ai vu dans la ProvenceTout le réseau est tombé, c'est vrai, y'a trop de balances A part ça
34%
Ils ont pété le azi, ouais, j'm'attendais pas à ça Et ces bâtards de civils, ils sont venus en djellabas Qu'est-c'qu'elle a ta sarrazine? Rien qu'elle me fait des appels 13ème Art, ouais, c'est l'usine, pas besoin que j'te l'rappelle Marseille city
32%
J'te lâcherai jamais tu m'as suivi dans la merde
On aura notre villa au bord de la mer
Petit coucher de soleil à Lloret Del Mar
Ma bella
24%
J'te l'ai dit bébé vapiano On s'connait pas beaucoup j'vais pas te mettre l'anneau J'suis pas tombé dans le panneau Que tu me mens, tu fais des crises de parano Où ça
23%
Ils font la crypto', cristaux, on a pris le cuistot J'préfère les plats d'la madre Tout va bien
23%
Je pense qu'à toi Je t'aurais volé la lune ma chérie avec un couteau suisse Ex
15%
Et à l'école j'étais dans les derniers Ils disaient qu'est ce qu'il a ce fou il chante seul il est perché Zerma il persiste il croit qu'il va percer Ça m'a rendu plus déter en vrai j'vous remercie La chica
12%
Y avait les condés au feu rouge, direct ils m'ont dit "Papier rose"Négatif j'ai tracé ma route, j'dois aller voir un pote à la Ross Momo design
12%
Rien à faire j'tourne en rond, potion dans le biberon
Poursuite y a les pin-pons, hendek barrage vers Sisteron (vroum)
Moi j'reste à la maison, dehors y a rien à faire
Zehma j'ai pris l'melon, ouais qu'ils s'mêlent de leurs affaires
AR
10%
J'ai les yeux vers les étoiles, la tête sur les épaules Dis-toi que j'pense à toi depuis l'époque de l'école J'suis dans le RS3, j'ai l'impression qu'on décolle J'te jure, au fond de moi, j'ai l'impression que j'déconne Paroles paroles
7%
Tu me manques, papa la il travaille à fond Quand j'vais revenir on jouera au ballon On regardera les oiseaux au balcon La ligue des champions, calés dans le salon Tu me manques
6%
On se met minables, des fois dans la vie, c'est dur les obstacles Et même en final, y'a rien en défense, c'est tout dans l'attaque Ceux qui se lèvent ghetto
4%
J'ai bu des océans de vodka, dans la Poliakov, gros, j'avais pas pied Bouger à l'étranger en avion, il faut faire rentrer du papier (gamberge) Fais le bisou
4%
Aucun quiz correspondant
Distribution des résultats
% des personnes avec chaque résultat
Percentile par nombre de réponses
Votre historique - résultats
Vous n’avez pas pris ce quiz